000 02762nam a2200313Ia 4500
003 OSt
005 20210603143441.0
008 210310s2006 ck ad gr 000 0 spa d
020 _a9789588307107
040 _aCO-JMCR
_cCO-JMCR
041 0 _aspa
082 0 4 _a333.72 /
_bS669p
_223
100 1 _aSánchez-Triana, Ernesto,
_915876
_eautor
245 1 0 _aPrioridades ambientales para la reducción de la pobreza en Colombia :
_bun análisis ambiental del país para Colombia /
_cErnesto Sánchez-Triana, Kulsum Ahmed, Yewande Awe
260 _aBogotá :
_bBanco Mundial : Mayol Ediciones,
_c2006
300 _axx, 501 páginas :
_bilustraciones y gráficas a blanco y negro ;
_c23 cm.
500 _aIncluye notas a pie de página. "Direcciones para el desarrollo. Medio ambiente y desarrollo sostenible--Tapa
504 _aBibliografía: páginas [485]-501
505 0 _aUn modelo particular de Gestión Ambiental -- Actores e instituciones -- La descentralización; una acción compensatoria -- Fijación de prioridades ambientales: un proceso bidireccional -- Las enfermedades de origen hídrico continúan siendo generalizadas -- Control de la contaminación atmosférica -- Un asesino silencioso: la contaminación en ambientes interiores -- El precio ambiental del crecimiento urbano desordenado -- Convivir con los desastres naturales -- El manejo sustentable de los recursos hídricos -- Control de la degradación de los suelos y de la deforestación -- Biodiversidad y problemas ambientales globales
520 3 _aPrioridades ambientales para la reducción de la pobreza en Colombia formula una serie de propuestas dirigidas a reducir el costo de la degradación ambiental y a la vez apoyar un desarrollo equitativo y sustentable en Colombia. La degradación ambiental reduce la productividad y aumenta las enfermedades y las muertes particularmente en la población infantil menor a cinco años. La contaminación del aire en los centros urbanos, así como la intradomiciliaria, el deficiente suministro de servicios de agua potable, saneamiento e higiene, los desastres naturales, particularmente las inundaciones y los deslizamientos, y la degradación del suelo son los problemas ambientales que generan el mayor costo económico y social en Colombia. El costo de estos problemas recae en la mayoría de los casos en los grupos de la población más vulnerable.
650 1 4 _aGestión ambiental
_915878
_zColombia
650 2 4 _aPolítica ambiental
_zColombia
_98691
650 2 4 _aControl ambiental
_zColombia
_914627
650 2 4 _aPobreza
_zColombia
_913540
650 2 4 _aConservación de los recursos naturales
_zColombia
_935999
700 1 _aAhmed, Kulsum,
_eautor
_938103
700 1 _aAwe, Yewande,
_eautor
_938104
942 _2ddc
_cBK
999 _c7940
_d7940